Faust Zueignung - Statistics

General Stats
  • This quiz has been taken 20 times
  • The average score is 50 of 221
Answer Stats
g % Correct
ich
73%
und
64%
Und
64%
der
55%
Der
55%
die
45%
die,
45%
Die
45%
Ihr
45%
ihr
45%
nun
45%
zu
45%
das
36%
Das
36%
ein
36%
Ein
36%
gut,
36%
Sie
36%
so
36%
Wie
36%
wie
36%
ach!
27%
auf;
27%
aus
27%
Des
27%
einer
27%
erste
27%
es
27%
Es
27%
euch
27%
Gleich
27%
gleich,
27%
Herz
27%
Herz,
27%
in
27%
ist
27%
Kommt
27%
Lieb
27%
mein
27%
Mein
27%
mich
27%
mich,
27%
mit
27%
naht
27%
neu,
27%
Sage
27%
sich
27%
Wahn
27%
wieder,
27%
wohl,
27%
Zug
27%
alten,
18%
Beifall
18%
Bilder
18%
Blick
18%
bringt
18%
Busen
18%
dem
18%
den
18%
diesmal
18%
drängt
18%
Dunst
18%
einst
18%
erschüttert
18%
euren
18%
festzuhalten?
18%
Freundschaft
18%
froher
18%
früh
18%
Fühl
18%
fühlt
18%
Gedränge,
18%
geneigt?
18%
Gesänge,
18%
Gestalten,
18%
gezeigt.
18%
halbverklungnen
18%
herauf;
18%
im
18%
jenem
18%
jugendlich
18%
Klage
18%
Lauf,
18%
Lebens
18%
liebe
18%
manche
18%
mir
18%
mögt
18%
Nebel
18%
nicht
18%
noch
18%
sang;
18%
Schatten
18%
Schmerz
18%
schwankende
18%
steigen
18%
steigt;
18%
Tage,
18%
trüben
18%
um
18%
umwittert.
18%
Versuch
18%
Vom
18%
walten,
18%
wiederholt
18%
wird
18%
Zauberhauch,
18%
bang,
9%
denen
9%
ersten
9%
ertönt
9%
folgenden
9%
freundliche
9%
getäuscht,
9%
Glück
9%
Guten,
9%
hinweggeschwunden.
9%
hören
9%
irren
9%
labyrinthisch
9%
Lied
9%
Lied,
9%
macht
9%
meinem
9%
Menge,
9%
Nach
9%
nennt
9%
schöne
9%
Seelen,
9%
seh
9%
selbst
9%
Stunden
9%
unbekannten
9%
Verklungen,
9%
vor
9%
was
9%
Was
9%
Welt
9%
Wenn
9%
Wiederklang.
9%
Zerstoben
9%
an
0%
Äolsharfe
0%
besitze,
0%
entwöhntes
0%
erfreuet,
0%
ergreift
0%
ernsten
0%
faßt
0%
folgt
0%
Geisterreich,
0%
Herzen
0%
irrt
0%
längst
0%
lebt,
0%
lispelnd
0%
mild
0%
Schauer
0%
schwebt
0%
Sehnen
0%
sonst
0%
stillen,
0%
strenge
0%
Tönen
0%
Träne
0%
Tränen,
0%
unbestimmten
0%
verschwand,
0%
was
0%
weich;
0%
Weiten,
0%
Wirklichkeiten.
0%
zerstreuet.
0%
No matching quizzes found
Score Distribution
Percent of People with Each Score
Percentile by Number Answered
Your Score History
You have not taken this quiz